[Event "Las Tunas 28 de Enero-B"]
[Site "Las Tunas"]
[Date "2019.01.19"]
[Round "7.1"]
[White "Fernandez Aguilera, Ibrain"]
[Black "Salina Parra, Leandro"]
[Result "0-1"]
[WhiteElo "1981"]
[BlackElo "1971"]
[PlyCount "90"]
[EventDate "2019.01.16"]
[EventType "tourn"]
[EventRounds "10"]
[EventCountry "CUB"]
[SourceTitle "EXT 2023"]
[Source "ChessBase"]
[SourceDate "2022.10.05"]
[SourceVersion "1"]
[SourceVersionDate "2022.10.05"]
[SourceQuality "1"]

1. e4 g6 2. d4 Bg7 3. Nc3 d6 4. Be3 c6 5. Qd2 Qc7 6. Be2 e5 7. dxe5 dxe5 8. Nf3 Nd7 9. 0-0 Ngf6 10. Bh6 0-0 11. Bxg7 Kxg7 12. Rad1 Re8 13. Rfe1 Nc5 14. Qe3 Ne6 15. Ng5 Nd4 16. Rd2 Qb6 17. h3 Qxb2 18. Rb1 Qa3 19. Bc4 Rf8 20. f4 Qc5 21. Kh1 Qxc4 22. fxe5 Nh5 23. Qxd4 Qxd4 24. Rxd4 h6 25. Nf3 Nf4 26. Rd6 Re8 27. a4 Ne6 28. Rbd1 Nc5 29. Rd8 Be6 30. Rxa8 Rxa8 31. Kg1 Kf8 32. Kf2 Ke7 33. Ke3 Rd8 34. Rxd8 Kxd8 35. Kd4 Na6 36. Ne2 Ke7 37. Nf4 Kd7 38. Nxe6 Kxe6 39. c3 b6 40. g4 Nc5 41. h4 Nxa4 42. h5 gxh5 43. gxh5 Nc5 44. Ke3 a5 45. Kf4 Nd3+ 0-1

[Event "Camaguey Altuna Memorial tt 1st"]
[Site "Camaguey"]
[Date "2017.12.03"]
[Round "9.1"]
[White "Salina Parra, Leandro"]
[Black "Marrero Espinosa, Guzman S"]
[Result "1-0"]
[WhiteElo "1883"]
[BlackElo "1968"]
[PlyCount "131"]
[EventDate "2017.11.28"]
[EventType "team-tourn"]
[EventRounds "10"]
[EventCountry "CUB"]
[SourceTitle "EXT 2024"]
[Source "ChessBase"]
[SourceDate "2023.10.10"]
[SourceVersion "1"]
[SourceVersionDate "2023.10.10"]
[SourceQuality "1"]

1. d4 f5 2. c4 e6 3. Nc3 Nf6 4. Nf3 d5 5. Bg5 Bb4 6. e3 0-0 7. Bd3 Qe8 8. 0-0 c6 9. Qb3 Bd6 10. Ne2 Ne4 11. Bf4 Bxf4 12. exf4 Nd7 13. Rfe1 Qh5 14. Rad1 Ndf6 15. cxd5 cxd5 16. Ne5 b6 17. f3 Nd6 18. Qb4 Nfe8 19. Nc3 Qh4 20. g3 Qd8 21. Rc1 Bd7 22. Ba6 g6 23. Rc2 Bc8 24. Bb5 a6 25. Bc6 Bb7 26. Bxb7 Nxb7 27. Nc6 Qd6 28. Qxd6 Nbxd6 29. Rxe6 Rf6 30. Rce2 Ne4 31. Rxf6 N4xf6 32. Ne7+ Kf7 33. Nexd5 Rd8 34. Re5 b5 35. Kf2 b4 36. Nxb4 Rxd4 37. Nxa6 Nd6 38. Nc7 Nc4 39. Re2 Nd7 40. b3 Ncb6 41. Ke3 Rd6 42. Rd2 Rc6 43. N7d5 Nc8 44. Nb5 Rc5 45. a4 Nb8 46. Nb4 Ne7 47. Rc2 Nd5+ 48. Kd4 Rxc2 49. Nxc2 Ke6 50. b4 Na6 51. Nc3 Naxb4 52. Nxb4 Nxb4 53. Kc5 Na6+ 54. Kb6 Nb4 55. a5 Kd6 56. a6 Nxa6 57. Kxa6 Kc5 58. Ne4+ Kd4 59. Ng5 Ke3 60. Nxh7 Kxf3 61. Nf8 Kg2 62. Kb5 Kxh2 63. Kc5 Kxg3 64. Nxg6 Kg4 65. Kd6 Kh5 66. Ne7 1-0

[Event "Camaguey Altuna Memorial tt 1st"]
[Site "Camaguey"]
[Date "2017.12.01"]
[Round "5.3"]
[White "Salina Parra, Leandro"]
[Black "Hernandez Garcia, Roberto"]
[Result "1/2-1/2"]
[WhiteElo "1883"]
[BlackElo "1468"]
[PlyCount "44"]
[EventDate "2017.11.28"]
[EventType "team-tourn"]
[EventRounds "10"]
[EventCountry "CUB"]
[SourceTitle "EXT 2024"]
[Source "ChessBase"]
[SourceDate "2023.10.10"]
[SourceVersion "1"]
[SourceVersionDate "2023.10.10"]
[SourceQuality "1"]

1. d4 d5 2. c4 c6 3. Nc3 Nf6 4. Nf3 e6 5. Bg5 Be7 6. e3 Nbd7 7. c5 Ne4 8. Nxe4 dxe4 9. Bxe7 Qxe7 10. Nd2 f5 11. g4 Nf6 12. Nc4 0-0 13. Ne5 Nd7 14. Nxd7 Bxd7 15. Bc4 Kh8 16. Qc2 Rad8 17. 0-0-0 g6 18. h4 h6 19. gxf5 exf5 20. Rdg1 Rf6 21. Rg3 Be6 22. Rhg1 Kh7 1/2-1/2